Carregando...

Facts figures and response to HIV/AIDS in ANDHRA PRADESH

Detalhes bibliográficos
Formato: Printed Book
Publicado em: Population Foundation of India 2005
Acesso em linha:http://10.26.1.76/ks/00578.pdf
LEADER 003510000a22001090004500
245 |a Facts figures and response to HIV/AIDS in ANDHRA PRADESH 
260 |c 2005 
260 |b Population Foundation of India 
856 |u http://10.26.1.76/ks/00578.pdf 
942 |c KS 
999 |c 69967  |d 69967 
952 |0 0  |1 0  |4 0  |7 0  |9 61931  |a MGUL  |b MGUL  |d 2015-08-01  |l 0  |r 2015-08-01  |w 2015-08-01  |y KS